Combien de membres dans ce groupe de Kpop ? (rapidité) - Statistiques

Statistiques générales
  • Ce quiz a été pris 2 125 fois
  • Le résultat moyen est 8 sur 14
Statistiques - réponses
Hint Réponse % Correct
BTS 7
89%
Seventeen 13
80%
TXT 5
79%
Mamamoo 4
74%
Ateez 8
70%
Twice 9
67%
Akmu 2
61%
NCT 26
60%
Viviz 3
57%
Nmixx 6
52%
IZ*ONE 12
43%
TripleS 24
36%
The Boyz 11
30%
Golden Child 10
21%
Aucun quiz correspondant
Distribution des résultats
% des personnes avec chaque résultat
Percentile par nombre de réponses
Votre historique - résultats
Vous n’avez pas pris ce quiz